000 00785nam a2200265Ia 4500
003 OSt
005 20220925220841.0
006 a|||||r|||| 00| 0
007 ta
008 220923b |||||||| |||| 00| 0 eng d
020 _a0333674588
037 _cGeneral Book
040 _aRTL
_cRTL
_beng
041 _2eng
_aeng
082 _aXb4, N8
100 _aBackhouse Roger E
245 0 _aEconomics and methodology
_b Crossing boundaries Proceeding
260 _aLondon
_bMacmillan Press
_c1998
300 _axxi, 466p Bibliography chapterwise
_ccm.
490 _aInternational Economic Association; 126
650 _a Research Methodology
_9237789
650 _aEconomics
942 _hXb4, N8
_cGB
_2CC
999 _c572694
_d572694